[Event "CUB-ch 60th"]
[Site "Holguin"]
[Date "2024.02.12"]
[Round "8"]
[White "Quesada Perez, Luis Ernesto"]
[Black "Martinez Duany, Lelys Stanley"]
[Result "1/2-1/2"]
[WhiteElo "2560"]
[BlackElo "2462"]
[PlyCount "117"]
[EventDate "2024.02.05"]
[EventType "swiss"]
[EventRounds "10"]
[EventCountry "CUB"]
[SourceTitle "CB10_2024"]
[SourceDate "2024.03.06"]
[SourceVersion "1"]
[SourceVersionDate "2024.03.06"]
[SourceQuality "1"]

1. d4 Nf6 2. c4 d6 3. Nc3 e5 4. Nf3 Nc6 5. e4 Bg4 6. d5 Nd4 7. Be2 Nxe2 8. Qxe2 Be7 9. h3 Bd7 10. a4 0-0 11. a5 c6 12. Be3 b6 13. axb6 axb6 14. 0-0 Qc7 15. dxc6 Bxc6 16. Nd2 Qb7 17. Qd3 Rxa1 18. Rxa1 Ra8 19. Rxa8+ Qxa8 20. b4 Qa7 21. b5 Bd7 22. Qc2 Qa5 23. Nb3 Qb4 24. Nd2 Qa5 25. Ndb1 Be6 26. Qb3 h6 27. Nd2 Bd8 28. Nf3 Kh7 29. Kh2 Be7 30. Nd2 Bd8 31. Nd5 Nd7 32. Nf3 Qa1 33. Qd3 Qa2 34. g3 Bg5 35. Nxg5+ hxg5 36. Kg2 f6 37. g4 Bf7 38. Bxb6 Nf8 39. Be3 Ng6 40. b6 Qa1 41. Kh2 Nh4 42. Qe2 Bxd5 43. cxd5 Qb1 44. f3 Ng6 45. Kg2 Nf4+ 46. Bxf4 gxf4 47. Qf2 Kg8 48. h4 Kf7 49. Qg1 Qb2+ 50. Kh3 g5 51. h5 Kg7 52. Qg2 Qxb6 53. Qc2 Qg1 54. Qg2 Qe1 55. Kh2 Kh6 56. Qh3 Qf2+ 57. Qg2 Qe1 58. Qh3 Qf2+ 59. Qg2 1/2-1/2

[Event "CUB-ch 60th"]
[Site "Holguin"]
[Date "2024.02.09"]
[Round "5"]
[White "Otero Marino, Alain"]
[Black "Martinez Duany, Lelys Stanley"]
[Result "1/2-1/2"]
[WhiteElo "2212"]
[BlackElo "2462"]
[PlyCount "39"]
[EventDate "2024.02.05"]
[EventType "swiss"]
[EventRounds "10"]
[EventCountry "CUB"]
[SourceTitle "CB10_2024"]
[SourceDate "2024.03.06"]
[SourceVersion "1"]
[SourceVersionDate "2024.03.06"]
[SourceQuality "1"]

1. e4 e5 2. Nf3 Nc6 3. Bb5 Nf6 4. 0-0 Nxe4 5. d4 Nd6 6. dxe5 Nxb5 7. a4 d6 8. e6 Bxe6 9. axb5 Ne7 10. Nd4 Qd7 11. Re1 c5 12. bxc6 Nxc6 13. Nc3 Be7 14. Nxe6 fxe6 15. Qg4 e5 16. Qxg7 0-0-0 17. Nd5 Rdg8 18. Qf7 Bd8 19. Qxd7+ Kxd7 20. Be3 1/2-1/2

[Event "CUB-ch 60th"]
[Site "Holguin"]
[Date "2024.02.06"]
[Round "2"]
[White "Martinez Duany, Lelys Stanley"]
[Black "Gallo Garcia, Kemel Antonio"]
[Result "1/2-1/2"]
[WhiteElo "2462"]
[BlackElo "2348"]
[PlyCount "73"]
[EventDate "2024.02.05"]
[EventType "swiss"]
[EventRounds "10"]
[EventCountry "CUB"]
[SourceTitle "CB10_2024"]
[SourceDate "2024.03.06"]
[SourceVersion "1"]
[SourceVersionDate "2024.03.06"]
[SourceQuality "1"]

1. Nf3 Nf6 2. e3 g6 3. b3 Bg7 4. Bb2 0-0 5. Be2 d5 6. 0-0 c5 7. d4 cxd4 8. exd4 Nc6 9. Ne5 Qb6 10. Bf3 Bf5 11. Nxc6 Qxc6 12. c4 Qd7 13. Nd2 dxc4 14. bxc4 Bg4 15. Qb3 Rfd8 16. Rfe1 e6 17. a4 Qc7 18. Rab1 Bxf3 19. Nxf3 Rac8 20. Rbc1 Nd7 21. h4 Qb6 22. Qa2 Qa6 23. Ng5 h6 24. Ne4 Nf6 25. Nc5 Qc6 26. Qb3 b6 27. Nd3 Qd6 28. Ne5 Nd7 29. Nf3 Nb8 30. Ne5 Nc6 31. Nxc6 Rxc6 32. Red1 Qf4 33. g3 Qf5 34. d5 exd5 35. cxd5 Rcd6 36. Bxg7 Kxg7 37. Rc7 1/2-1/2

[Event "Rome City op 5th"]
[Site "Rome"]
[Date "2023.12.05"]
[Round "2"]
[White "Martinez Duany, Lelys Stanley"]
[Black "Priyanka, Nutakki"]
[Result "1-0"]
[WhiteElo "2483"]
[BlackElo "2267"]
[PlyCount "85"]
[EventDate "2023.12.04"]
[EventType "swiss"]
[EventRounds "9"]
[EventCountry "ITA"]
[SourceTitle "CB50_2023"]
[SourceDate "2023.12.13"]
[SourceVersion "1"]
[SourceVersionDate "2023.12.13"]
[SourceQuality "1"]

1. Nf3 d5 2. b3 Nf6 3. Bb2 c5 4. e3 Nc6 5. Bb5 Bd7 6. 0-0 e6 7. d3 Be7 8. Nbd2 0-0 9. Bxc6 Bxc6 10. Ne5 Rc8 11. f4 b5 12. a4 b4 13. Rf3 Ne8 14. Rh3 g6 15. Ng4 f6 16. Nh6+ Kg7 17. Qg4 Bd7 18. Qh4 Rh8 19. g4 d4 20. Rf1 Nd6 21. e4 Bc6 22. Qg3 Nf7 23. Nxf7 Kxf7 24. Nc4 Bb7 25. Bc1 Ba6 26. f5 Bxc4 27. bxc4 Qd7 28. fxe6+ Qxe6 29. e5 h5 30. Bg5 Qxg4 31. Bxf6 Qxg3+ 32. Rxg3 Rhg8 33. Rgf3 Rgf8 34. Kg2 Rg8 35. Bxe7+ Kxe7 36. Rf6 Rb8 37. Kf3 b3 38. cxb3 Rxb3 39. Ke4 Rg7 40. Rc6 Kd7 41. Kd5 Rxd3 42. e6+ Kd8 43. Kd6 1-0

[Event "POR-chT"]
[Site "Sao Joao da Madeira"]
[Date "2023.07.21"]
[Round "7.4"]
[White "Martinez Duany, Lelys Stanley"]
[Black "Carbonell Sancho, Marc"]
[Result "1-0"]
[WhiteElo "2490"]
[BlackElo "2285"]
[PlyCount "57"]
[EventDate "2023.07.17"]
[EventType "team-tourn"]
[EventRounds "9"]
[EventCountry "POR"]
[SourceTitle "CBM 215 Extra"]
[Source "ChessBase"]
[SourceDate "2023.09.30"]
[SourceVersion "1"]
[SourceVersionDate "2023.09.30"]
[SourceQuality "1"]
[WhiteTeam "Dias Ferreira"]
[BlackTeam "Assembleia Figueirense"]
[WhiteTeamCountry "POR"]
[BlackTeamCountry "POR"]

1. e4 c5 2. Nf3 d6 3. Bb5+ Bd7 4. c4 Nf6 5. Nc3 g6 6. 0-0 Bg7 7. Bxd7+ Qxd7 8. h3 Nc6 9. d3 0-0 10. Be3 Rfc8 11. Rb1 a6 12. Nd5 Nxd5 13. exd5 Ne5 14. Nxe5 Bxe5 15. f4 Bg7 16. f5 b5 17. Qg4 bxc4 18. dxc4 Qa4 19. fxg6 hxg6 20. Rxf7 Kxf7 21. Qe6+ Ke8 22. Bg5 Bf8 23. Rf1 Rc7 24. Qxg6+ Kd7 25. Qf5+ Kd8 26. Qxf8+ Qe8 27. Qh6 Kd7 28. Qe6+ Kd8 29. Bh6 1-0

[Event "POR-chT"]
[Site "Sao Joao da Madeira"]
[Date "2023.07.18"]
[Round "3.5"]
[White "Goncalves, Samuel Jesus P"]
[Black "Martinez Duany, Lelys Stanley"]
[Result "1/2-1/2"]
[WhiteElo "2033"]
[BlackElo "2490"]
[PlyCount "39"]
[EventDate "2023.07.17"]
[EventType "team-tourn"]
[EventRounds "9"]
[EventCountry "POR"]
[SourceTitle "CBM 215 Extra"]
[Source "ChessBase"]
[SourceDate "2023.09.30"]
[SourceVersion "1"]
[SourceVersionDate "2023.09.30"]
[SourceQuality "1"]
[WhiteTeam "Ferroviarios do Barreiro"]
[BlackTeam "Dias Ferreira"]
[WhiteTeamCountry "POR"]
[BlackTeamCountry "POR"]

1. e4 c5 2. Nf3 Nc6 3. Bb5 g6 4. 0-0 Bg7 5. c3 Nf6 6. Re1 0-0 7. d4 cxd4 8. cxd4 d6 9. Nc3 Bg4 10. Be3 Nd7 11. Bxc6 bxc6 12. h3 Bxf3 13. Qxf3 Qa5 14. Rad1 Rab8 15. Bc1 Rfe8 16. Qe2 Qb4 17. a3 Qb3 18. e5 dxe5 19. dxe5 Nf8 20. Qa6 1/2-1/2

[Event "POR-chT"]
[Site "Sao Joao da Madeira"]
[Date "2023.07.18"]
[Round "2.2"]
[White "Martinez Duany, Lelys Stanley"]
[Black "Margarido, Jose Miguel Teixeir"]
[Result "1-0"]
[WhiteElo "2490"]
[BlackElo "2100"]
[PlyCount "59"]
[EventDate "2023.07.17"]
[EventType "team-tourn"]
[EventRounds "9"]
[EventCountry "POR"]
[SourceTitle "CBM 215 Extra"]
[Source "ChessBase"]
[SourceDate "2023.09.30"]
[SourceVersion "1"]
[SourceVersionDate "2023.09.30"]
[SourceQuality "1"]
[WhiteTeam "Dias Ferreira"]
[BlackTeam "EPGaia"]
[WhiteTeamCountry "POR"]
[BlackTeamCountry "POR"]

1. d4 d5 2. c4 e6 3. Nc3 a6 4. cxd5 exd5 5. Bf4 c6 6. Qc2 Bd6 7. Bxd6 Qxd6 8. e3 Nf6 9. Bd3 0-0 10. Nge2 Re8 11. h3 Nbd7 12. g4 Nf8 13. 0-0-0 b5 14. Kb1 Bb7 15. g5 N6d7 16. Nf4 Nb6 17. Nce2 a5 18. Ng3 Nc4 19. Nf5 Qd8 20. Nh5 Ne6 21. Rhg1 Kh8 22. Rg4 Rc8 23. Bxc4 bxc4 24. Nfxg7 Rg8 25. Nxe6 fxe6 26. g6 Rxg6 27. Rxg6 hxg6 28. Qxg6 Qg8 29. Qf6+ Kh7 30. Nf4 1-0

[Event "Gijon op 1st"]
[Site "Gijon"]
[Date "2023.06.29"]
[Round "6"]
[White "Martinez Duany, Lelys Stanley"]
[Black "Panelo Munoz, Marcelo A"]
[Result "1-0"]
[WhiteElo "2490"]
[BlackElo "2366"]
[PlyCount "45"]
[EventDate "2023.06.26"]
[EventType "swiss"]
[EventRounds "9"]
[EventCountry "ESP"]
[SourceTitle "EXT 2024"]
[Source "ChessBase"]
[SourceDate "2023.10.10"]
[SourceVersion "1"]
[SourceVersionDate "2023.10.10"]
[SourceQuality "1"]

1. Nf3 c5 2. c4 Nf6 3. Nc3 Nc6 4. g3 d5 5. cxd5 Nxd5 6. Nxd5 Qxd5 7. Bg2 g6 8. 0-0 Bg7 9. d3 0-0 10. Qa4 Qh5 11. Be3 Bd7 12. Rac1 b6 13. Qa3 Bh3 14. Bxh3 Qxh3 15. Qa4 Rac8 16. b3 Rfd8 17. a3 Rd5 18. Qe4 Qd7 19. Rc2 a5 20. Rfc1 Rd8 21. Kg2 Rh5 22. h4 Rd5 23. Rf1 1-0

[Event "Gijon op 1st"]
[Site "Gijon"]
[Date "2023.06.28"]
[Round "4"]
[White "Quiros Cueto, Pelayo"]
[Black "Martinez Duany, Lelys Stanley"]
[Result "0-1"]
[WhiteElo "2178"]
[BlackElo "2490"]
[PlyCount "52"]
[EventDate "2023.06.26"]
[EventType "swiss"]
[EventRounds "9"]
[EventCountry "ESP"]
[SourceTitle "EXT 2024"]
[Source "ChessBase"]
[SourceDate "2023.10.10"]
[SourceVersion "1"]
[SourceVersionDate "2023.10.10"]
[SourceQuality "1"]

1. e4 c5 2. Nf3 Nc6 3. d4 cxd4 4. Nxd4 g6 5. c4 Nf6 6. Nc3 d6 7. Be2 Nxd4 8. Qxd4 Bg7 9. Be3 0-0 10. Qd3 a6 11. Bd4 Bd7 12. 0-0 Bc6 13. b4 b5 14. f3 Qd7 15. Rfd1 Rfc8 16. Qb1 Nh5 17. Kh1 Bxd4 18. Rxd4 Nf4 19. Bf1 Qa7 20. Qd1 Be8 21. Rc1 bxc4 22. Qd2 Nd3 23. Rxd3 cxd3 24. Qxd3 Bb5 25. Nxb5 axb5 26. Rxc8+ Rxc8 0-1

[Event "Gijon op 1st"]
[Site "Gijon"]
[Date "2023.06.26"]
[Round "1"]
[White "Martinez Duany, Lelys Stanley"]
[Black "Martinez Hurtado, Manuel"]
[Result "1-0"]
[WhiteElo "2490"]
[BlackElo "1847"]
[PlyCount "51"]
[EventDate "2023.06.26"]
[EventType "swiss"]
[EventRounds "9"]
[EventCountry "ESP"]
[SourceTitle "EXT 2024"]
[Source "ChessBase"]
[SourceDate "2023.10.10"]
[SourceVersion "1"]
[SourceVersionDate "2023.10.10"]
[SourceQuality "1"]

1. Nf3 d5 2. d4 Nf6 3. c4 e6 4. Nc3 b6 5. Bg5 Be7 6. e3 0-0 7. Qc2 Bb7 8. cxd5 exd5 9. Bd3 h6 10. Bh4 Nbd7 11. 0-0 c5 12. Rad1 Ne4 13. Nxe4 c4 14. Bxe7 cxd3 15. Qxd3 dxe4 16. Qa3 Qb8 17. Nd2 Re8 18. Rc1 a5 19. Rfd1 Rc8 20. Nc4 Bd5 21. Nd6 Rc7 22. f3 f5 23. Nxf5 exf3 24. Qd6 Rxc1 25. Qxd5+ Kh8 26. Rxc1 1-0

[Event "Capablanca Memorial Elite 56th"]
[Site "Havana"]
[Date "2023.05.12"]
[Round "9"]
[White "Martinez Duany, Lelys Stanley"]
[Black "Albornoz Cabrera, Carlos Daniel"]
[Result "1/2-1/2"]
[WhiteElo "2531"]
[BlackElo "2586"]
[PlyCount "78"]
[EventDate "2023.05.03"]
[EventType "tourn"]
[EventRounds "9"]
[EventCountry "CUB"]
[EventCategory "14"]
[SourceTitle "CBM 214 Extra"]
[Source "ChessBase"]
[SourceDate "2023.07.31"]
[SourceVersion "1"]
[SourceVersionDate "2023.07.31"]
[SourceQuality "1"]

1. e4 c5 2. Nf3 d6 3. c3 Nf6 4. Bd3 Nc6 5. Bc2 Bg4 6. d3 e6 7. h3 Bh5 8. Be3 d5 9. Nbd2 Be7 10. 0-0 Qc7 11. Qb1 0-0-0 12. b4 Rhg8 13. b5 Nb8 14. e5 Nfd7 15. d4 g5 16. g4 Bg6 17. c4 cxd4 18. Bxd4 Nc5 19. Bxg6 fxg6 20. Rc1 Rgf8 21. a4 dxc4 22. Rxc4 b6 23. a5 Qb7 24. Ra3 Nbd7 25. axb6 axb6 26. Qa2 Qd5 27. Ra8+ Kc7 28. Ra7+ Kb8 29. Bxc5 Bxc5 30. Rca4 Qxa2 31. Rxa2 Kc8 32. Kg2 Rf4 33. Nb3 h6 34. Ra8+ Nb8 35. R2a7 Bxf2 36. Kxf2 Rd3 37. Nbd4 Rdxd4 38. Rg7 Rd3 39. Rg8+ Kb7 1/2-1/2

[Event "CUB-ch 59th"]
[Site "Holguin"]
[Date "2023.02.11"]
[Round "10"]
[White "Perez Leiva, Jerzy Jesus"]
[Black "Martinez Duany, Lelys Stanley"]
[Result "0-1"]
[WhiteElo "2393"]
[BlackElo "2507"]
[PlyCount "61"]
[EventDate "2023.02.02"]
[EventType "tourn"]
[EventRounds "11"]
[EventCountry "CUB"]
[EventCategory "10"]
[SourceTitle "CBM 212 Extra"]
[Source "ChessBase"]
[SourceDate "2023.03.31"]
[SourceVersion "1"]
[SourceVersionDate "2023.03.31"]
[SourceQuality "1"]

1. e4 c5 2. Nf3 e6 3. d4 cxd4 4. Nxd4 a6 5. a3 Nf6 6. Nc3 Qc7 7. f4 d6 8. Qf3 Nc6 9. Nxc6 Qxc6 10. Bd3 Be7 11. Be3 0-0 12. 0-0-0 Nd7 13. Qh3 g6 14. Rhf1 Bf6 15. e5 Bg7 16. Ne4 dxe5 17. fxe5 Nxe5 18. Nf6+ Bxf6 19. Rxf6 Nxd3+ 20. Rxd3 e5 21. Qh4 Be6 22. Bh6 Rfc8 23. Rd2 Qc4 24. Rxg6+ fxg6 25. Qf6 Qc7 26. Qxe6+ Qf7 27. Qxe5 Re8 28. Qg3 Rad8 29. Rxd8 Rxd8 30. Qb3 Qxb3 31. cxb3 0-1

[Event "San Jose Gutierrez Mangel Cup"]
[Site "San Jose"]
[Date "2022.12.23"]
[Round "8"]
[White "Martinez Duany, Lelys Stanley"]
[Black "Valdes Romero, Leonardo"]
[Result "1/2-1/2"]
[WhiteElo "2505"]
[BlackElo "2400"]
[PlyCount "30"]
[EventDate "2022.12.19"]
[EventType "tourn"]
[EventRounds "9"]
[EventCountry "CRI"]
[EventCategory "6"]
[SourceTitle "EXT 2024"]
[Source "ChessBase"]
[SourceDate "2023.10.10"]
[SourceVersion "1"]
[SourceVersionDate "2023.10.10"]
[SourceQuality "1"]

1. e4 d6 2. d4 Nf6 3. Nc3 g6 4. Nf3 Bg7 5. Be2 0-0 6. 0-0 e6 7. Re1 Nc6 8. Bb5 Ne7 9. a4 a6 10. Bf1 b6 11. h3 Bb7 12. Bf4 h6 13. Qd2 Kh7 14. Bh2 d5 15. exd5 Nexd5 1/2-1/2

[Event "San Jose Gutierrez Mangel Cup"]
[Site "San Jose"]
[Date "2022.12.21"]
[Round "5"]
[White "Forgas Moreno, Yaniela"]
[Black "Martinez Duany, Lelys Stanley"]
[Result "1/2-1/2"]
[WhiteElo "2323"]
[BlackElo "2505"]
[PlyCount "31"]
[EventDate "2022.12.19"]
[EventType "tourn"]
[EventRounds "9"]
[EventCountry "CRI"]
[EventCategory "6"]
[SourceTitle "EXT 2024"]
[Source "ChessBase"]
[SourceDate "2023.10.10"]
[SourceVersion "1"]
[SourceVersionDate "2023.10.10"]
[SourceQuality "1"]

1. e4 e5 2. Nf3 Nc6 3. Bc4 Bc5 4. c3 Nf6 5. d3 d6 6. 0-0 0-0 7. Re1 a5 8. a4 h6 9. h3 Bb6 10. Bb3 Ne7 11. Be3 Bxe3 12. fxe3 Ng6 13. Nbd2 Qe7 14. Nf1 Be6 15. Ng3 Qd7 16. Kh2 1/2-1/2